Irproving Software Quality : An Insider's guide to TQM

Αποθηκεύτηκε σε:
Λεπτομέρειες βιβλιογραφικής εγγραφής
Κύριος συγγραφέας: Arthur, Lowell Jay 1951-
Μορφή: Βιβλίο
Γλώσσα:English
Δημοσίευση: New York : John Wiley, c1993
Σειρά:Wiley series in software engineering practice
Θέματα:
Ετικέτες: Προσθήκη ετικέτας
Δεν υπάρχουν, Καταχωρήστε ετικέτα πρώτοι!

MARC

LEADER 00000nam a2200000 i 4500
001 1/49851
008 950913s1993 eng d
020 |a 0-471-57804-5 
035 |1 ΕΛΗ  |a 1995  |b 1807  |c ΚΑΤΣΙΚΑΣ  |l 10043721 
040 |a GR-MY-UA  |b gre  |e aacr 
041 0 |a eng 
082 0 |a 005.10685 
100 1 |a Arthur, Lowell Jay  |d 1951- 
245 1 0 |a Irproving Software Quality :  |b An Insider's guide to TQM /  |c Lowell Jay Arthur 
260 |a New York :   |b John Wiley,   |c c1993 
300 |a 287 p.;  |c 24 cm. 
490 1 |a Wiley series in software engineering practice 
500 |a Includes bibliographical references and index 
650 0 0 |a Computer software  |x Quality control. 
650 0 0 |a Total quality management. 
830 0 |a Wiley series in software engineering practice 
852 |a INST  |b SAMOS  |e 19950913  |h 005.10685 ART  |p 005300009241  |q 005300009241  |t BK  |y 0 
901 |a BIBL-1997-1 
909 |a Σ  |b 049273